00462nam a2200181 a 450000100060000000300090000600800410001502000150005604000280007108200170009910000160011624500330013226000510016530000110021665000130022765000130024065000270025312218CO-ViMGA141112s2004 ck r 000 u spa d a9688807613 aCO-ViMGAbspacCO-ViMGA04a658 - 8 H17n1 aHarmon, Roy10aLa nueva era de los negocios aMexico, cPrentice Hall PanAméricana, c1996 a403 p.14aEMPRESAS14aNEGOCIOS14aREINVENCION - NEGOCIOS